000
00264nam a2200097Ia 4500
008
240331s9999 xx 000 0 und d
082
_a
303.6
_b
SUR
100
_a
Suriyakumaran, C.
245
4
_a
The anguish of 83 :
_b
Sri Lanka's ethnic crisis and the way out
942
_c
L
999
_c
1267
_d
1267